000 00576nam a2200205Ia 4500
003 OSt
005 20260318160429.0
008 210210b1936 xxu||||| |||| 00| 0 eng d
040 _cAL
041 _aHindi
082 _a864/70
100 _aSANYAL (Nalini Mohan)
_dसान्याल (नलिनी मोहन)
_9258890
245 _aSamalochan tatva
_bसमालोचन तत्व
260 _aIllAhAbAd
_b-
_c1936
650 _atatva
_9258891
650 _aSamalochan
_9258892
690 _aHindi Criticism
_9258893
906 _a023607
942 _2ddc
_cBK
999 _c148576
_d148576